Quizzes
Events
Quiz Creation
Community
Videos
Private Events
Remove Ads
Sign In
Join for FREE
Feedback
Dark Mode
Quiz Categories
Sports
Geography
Music
Movies
Television
Just For Fun
Miscellaneous
History
Literature
Language
Science
Gaming
Entertainment
Religion
Holiday
For Kids
Quiz Lab
Recent
Popular Today
Quiz Kudos Today
Editor Picks
Curator Picks
Quizzes by...
Day
Popularity
Type
Ratings
Length
Year
Community
Subscriptions
Recent Discussions
Orange Saloon
Badges
Playlists
Quests
Create
Leaderboards
Showdown
Live 5
Trivia Bingo
Activity
Puzzle Library
Sporcle Events
Private Events
Virtual Trivia
Globe League
Become a Host
Pub Owners
SporcleCon
Opinionation
Our Games
Videos
Blog
Mobile Apps
Partnerships
Remove Ads and Go Orange
Feedback
Sports
Athletes
MLB
NBA
NHL
NFL
Soccer
Sports Teams
WWE
NCAA
Football
Premier League
Basketball
Baseball
Hockey
Golf
Tennis
Cricket
Rugby
Auto Racing
Olympics
World Cup
Sports
Athletes
MLB
NBA
NHL
NFL
Soccer
Sports Teams
WWE
NCAA
Football
Premier League
Basketball
Baseball
Hockey
Golf
Tennis
Cricket
Rugby
Auto Racing
Olympics
World Cup
Random Quiz
Search Sporcle
×
Quiz Lab
Quiz Lab
Sports
Ireland
Type in answers that appear in a list
Type in answers that appear in a list
Classic
Best Score? Go Orange.
All-ireland hurling winners Stats
Can you name the all-ireland hurling winners?
By
MessiMagic
3m
123 Questions
234 Plays
234 Plays
234 Plays
Comments
Comments
Give Quiz Kudos
Give Quiz Kudos
-
- Ratings
hide this ad
Replay
Link that replays current quiz
Next Quiz
Link to next quiz in quiz playlist
You Got
0%
They Got
Avg Score
96%
Avg Friend Score
Upgrade to see
Score Distribution
Jump to the score distribution portion of the page
Score
0/123
Timer
03:00
0
Plays Today
Year
County
% Correct
1890
Cork
98.3%
1892
Cork
98.3%
1893
Cork
98.3%
1894
Cork
98.3%
1902
Cork
98.3%
1903
Cork
98.3%
1919
Cork
98.3%
1926
Cork
98.3%
1928
Cork
98.3%
1929
Cork
98.3%
1931
Cork
98.3%
1941
Cork
98.3%
1942
Cork
98.3%
1943
Cork
98.3%
1944
Cork
98.3%
1946
Cork
98.3%
1952
Cork
98.3%
1953
Cork
98.3%
1954
Cork
98.3%
1966
Cork
98.3%
1970
Cork
98.3%
1976
Cork
98.3%
1977
Cork
98.3%
1978
Cork
98.3%
1984
Cork
98.3%
1986
Cork
98.3%
1990
Cork
98.3%
1999
Cork
98.3%
2004
Cork
98.3%
2005
Cork
98.3%
1907
Kilkenny
97.9%
1904
Kilkenny
97.9%
1905
Kilkenny
97.9%
1909
Kilkenny
97.9%
1911
Kilkenny
97.9%
1912
Kilkenny
97.9%
1913
Kilkenny
97.9%
1913
Kilkenny
97.9%
1922
Kilkenny
97.9%
1932
Kilkenny
97.9%
1933
Kilkenny
97.9%
Year
County
% Correct
1935
Kilkenny
97.9%
1939
Kilkenny
97.9%
1947
Kilkenny
97.9%
1957
Kilkenny
97.9%
1963
Kilkenny
97.9%
1967
Kilkenny
97.9%
1969
Kilkenny
97.9%
1972
Kilkenny
97.9%
1974
Kilkenny
97.9%
1975
Kilkenny
97.9%
1979
Kilkenny
97.9%
1982
Kilkenny
97.9%
1983
Kilkenny
97.9%
1992
Kilkenny
97.9%
1993
Kilkenny
97.9%
2000
Kilkenny
97.9%
2002
Kilkenny
97.9%
2003
Kilkenny
97.9%
2006
Kilkenny
97.9%
2007
Kilkenny
97.9%
2008
Kilkenny
97.9%
2009
Kilkenny
97.9%
1887
Tipperary
97%
1895
Tipperary
97%
1896
Tipperary
97%
1898
Tipperary
97%
1899
Tipperary
97%
1900
Tipperary
97%
1906
Tipperary
97%
1908
Tipperary
97%
1916
Tipperary
97%
1925
Tipperary
97%
1930
Tipperary
97%
1937
Tipperary
97%
1945
Tipperary
97%
1949
Tipperary
97%
1950
Tipperary
97%
1951
Tipperary
97%
1958
Tipperary
97%
1961
Tipperary
97%
1962
Tipperary
97%
Year
County
% Correct
1964
Tipperary
97%
1965
Tipperary
97%
1971
Tipperary
97%
1989
Tipperary
97%
1991
Tipperary
97%
2001
Tipperary
97%
1923
Galway
95.7%
1980
Galway
95.7%
1987
Galway
95.7%
1988
Galway
95.7%
1910
Wexford
95.3%
1917
Dublin
95.3%
1920
Dublin
95.3%
1924
Dublin
95.3%
1927
Dublin
95.3%
1938
Dublin
95.3%
1955
Wexford
95.3%
1956
Wexford
95.3%
1960
Wexford
95.3%
1968
Wexford
95.3%
1996
Wexford
95.3%
1889
Dublin
95.3%
1948
Waterford
94.9%
1959
Waterford
94.9%
1897
Limerick
94%
1918
Limerick
94%
1921
Limerick
94%
1934
Limerick
94%
1936
Limerick
94%
1940
Limerick
94%
1973
Limerick
94%
1914
Clare
93.6%
1995
Clare
93.6%
1997
Clare
93.6%
1981
Offaly
90.6%
1985
Offaly
90.6%
1994
Offaly
90.6%
1998
Offaly
90.6%
1891
Kerry
87.2%
1915
Laois
83.8%
1901
London
70.1%
Quiz Playlist
Details
Report
Send in Message
Add To Playlist
Classic:
Type in answers that appear in a list
Quiz Source
Last Updated: Feb 16, 2017
Quiz Scoreboard
CHALLENGE
Sign Up to Join the Scoreboard
Show All
Scores
Hide
Comments
May contain spoilers
Recently Published
An Introduction to Baseball
by treessimontrees
Sports
5m
Movies - When Are They Set?
by FPL_Elf
Movies
5m
Popular People in 1961
by mucciniale
History
6m
More to Explore
Quiz From the Vault
Featured Blog Post
Where Did the Easter Bunny Come From?
hide this ad
You Might Also Like...
Tags
counties
Hurling
Ireland
Winner
Today's Top Quizzes in Sports
Browse Sports
hide this ad
Today's Top Quizzes in Ireland
Browse Ireland
Top Contributed Quizzes in Sports
1
Les meilleurs buteurs des matchs entre le PSG et l’OM
2
2022 World Cup Stars
3
FIFA Club World Cup Champions
4
Les entraîneurs de l'OM et du PSG au 21e siècle
5
Name the Premier League winners with different clubs
6
La finale Lions - Afrique du Sud 2021
7
England Test cricketers to play under Nasser Hussain
8
5-to-1: UK Sports Teams
9
Les joueurs passés par le LOSC et le RC Lens
10
Criteria MLB: Left Handed Sluggers
Explore More
Trending Topics
Harry Potter
Disney
Anime
NBA
Marvel
Kpop
Crossword
Soccer
Puzzle
NFL
Country
The Office
Song
WWE
Pokémon
hide this ad
More By:
MessiMagic
Quiz
Plays
Rating
Category
Featured
Created
Capital Cities Of Europe
8,767
2.78
Geography
Sep 26, 2010
barcelona top 10 players 2010
2,684
1.85
Sports
Apr 8, 2010
Suite Life Of Zack and Cody characters
1,986
2.67
Television
May 16, 2010
Euro Countries
1,505
2.60
Geography
Dec 22, 2010
List Of iCarly Charcters
914
2.40
Television
Oct 2, 2010
Go to Creator's Profile
Score Distribution
Quiz Creator Spotlight
MessiMagic
Follow
Send a Message
Quizzes Created
-
Created Quiz Play Count
-
More By This Creator
Popular Quizzes Today
1
Find the Countries of Europe - No Outlines Minefield
2
Find the US States - No Outlines Minefield
3
The Countries of the World
4
Popular People in 1961
5
Find the US States
6
US States
7
1-10 Letter E Words III
8
Risky Map Clicking: Biggest States A-Z
More Sports Quizzes
Quick Pick: Formula One or Cheese?
Quiz Lab
Trending Quizzes
Risky Map Clicking: Least Populous States A-Z
1-10 Letter F Words
1-10 Letter G Words
Not Quite an Element Typing Challenge
One Thing in Common: United Kingdom
Recently Updated
Leaping Animals
pecheneg
Reality TV Shows (A-Z)
bhenderson79
Rickey Henderson's Hall of Fame Teammates
pecheneg
Champions League XIs: Arsenal
pecheneg
Quick Pick: Celebrities in WWE's Hall of Fame
aduchscher
A-Z Keypad Blitz II
pecheneg
Multiple Oscar Actors
pecheneg
Mystery Phrase Blitz: Oscar 'Best Actors'
pecheneg
F. Scott Fitzgerald Novels
LTH
Pick 3 Villains
ddd62291
Trending Topics
Anime
Marvel
Harry Potter
Kpop
Crossword
NBA
Disney
Pokémon
The Office
Song
WWE
Country
NFL
Soccer
Puzzle
Your Account Isn't Verified!
In order to create a playlist on Sporcle, you need to verify the email address you used during registration. Go to your
Sporcle Settings
to finish the process.
Report this User
Report this user for behavior that violates our
Community Guidelines
.
Details:
Send Report
Go to the Sporcle.com Mobile Site →
Comments